000 00238nam a22001097a 4500
999 _c58054
_d58051
082 _a621.902KIB
100 _aKibbi R R
245 _aMachine tool practices
260 _aNew Delhi
_bPearson Education
_c2015
300 _a800
942 _cBK